000 01545cam a2200433 i 4500
001 zz2004951647
003 NUKAT
005 20260331081149.0
008 030604s1956 pl a |000 0 pol c
035 _a(OCoLC)749515939
035 _a(NUKAT)zz2004951647
040 _aGD U/1AA
_cGD U/1AA
_dGD U/1AA
_dGD PAN/JMSs
041 1 _apol
_hrus
045 2 _bd1920
_bd1921
046 _k1920
_l1926
100 1 _aLenin, Vladimir Ilʹič
_d(1870-1924).
_928927
245 1 0 _aDzieła.
_nT. 32
_pGrudzień 1920 - sierpień 1921 /
_cW. I. Lenin.
260 _aWarszawa :
_bKsiążka i Wiedza,
_c1956.
300 _aIX, 597 s., [1] k. portr., [1] k. tabl. złoż. :
_bfaks. ;
_c20 cm.
336 _aTekst
_btxt
_2rdacontent
337 _aBez urządzenia pośredniczącego
_bn
_2rdamedia
338 _aWolumin
_bnc
_2rdacarrier
380 _aKsiążki
380 _aLiteratura faktu, eseje, publicystyka
386 _mPrzynależność kulturowa
_aLiteratura rosyjska
388 1 _a1901-2000
388 1 _a1918-1939
500 _aPrzekł. z czwartego wyd. ros. przygotowanego przez Instytut Marksa-Engelsa-Lenina przy KC WKP(b).
648 7 _a1901-2000
_2DBN
_934996
648 7 _a1918-1939
_2DBN
_936041
650 7 _aKomunizm
_2DBN
_937289
650 7 _aMarksizm
_2DBN
_939280
650 7 _aMarksizm-leninizm
_vźródła.
_2kaba
_934629
651 7 _aRosja
_2DBN
_936145
651 7 _aZwiązek Radziecki
_xpolityka i rządy
_y1917-1928.
_2kaba
_939281
655 7 _aPublicystyka
_2DBN
_935056
658 _aFilozofia i etyka
942 _2ddc
_cBK_NM
999 _c27373
_d27373